00000000nam##2200000za#4500
0019.648097
003CaOODSP
00520210615112934
007ta
008150407|2001||||xxc|||||     f|0| 0 eng|d
020 |a0-662-30131-5
040 |aCaOODSP|beng
043 |an-cn---
0861 |aD82-39/2001E
1101 |aCanada.|bEmergency Preparedness Canada.
24510|aBe prepared not scared : |bemergency preparedness starts with you
260 |aOttawa - Ontario : |bEmergency Preparedness Canada |c2001.
300 |a20p. : |billus. ; |c23 cm.
563 |aPamphlet
590 |a01-20|b2001-05-18
69007|aEmergency preparedness|2gcpds
77508|tSe préparer, non s'inquiéter : |w(CaOODSP)9.681459
7760#|tBe prepared not scared |w(CaOODSP)9.686303